000 01198nam a2200325 4500
003 EG-GICUC
005 20260409142342.0
008 260409s1941 fr ||||fr|||| 000 0 Fre d
040 _aEG-GiCUC
_bfre
_cEG-GiCUC
_dEG-GiCUC
_eRda
041 0 _afre
082 0 4 _221
_a343.3
_bB R . P
092 0 4 _221
099 _aLaw1 10 343.3 B R . P 1941
100 1 _aBrugere, Marcel
_eAuteur
245 1 3 _aProcedure De La Chambre Des Mises En Accusation :
_b(Essai de synthèse) /
_cMarcel Brugere.
264 1 _aparis :
_bLibhairie du Recueil Sirey,
_c1941.
300 _a158 page, pages non numérotées, pagination diverse ;
_c 24 cm.
336 _2rda contenu
_a texte
337 _2rda medias
_aOrdinateur
338 _2 transporteur rda
_a Ressource en ligne
500 _aNon satis est ad panim infligendam, gasd jez sciat; and ut ardine juris sciat. (Jousen, Préface VIII)
504 _aComprend des références bibliographiques.
504 _aBibliographie : pages 1 - 2
546 _aTexte en français
650 1 _aDroit pénal
_2qrmak
651 1 _2qrmak
856 4 0 _uhttps://fll.law.cu.edu.eg/fulltext/bks/B10-09498.pdf
905 _a62
942 _2ddc
_n0
_cBK
_e21
999 _c69841
_d69841